The encyclopedia of religion

Αποθηκεύτηκε σε:
Λεπτομέρειες βιβλιογραφικής εγγραφής
Άλλοι συγγραφείς: Eliade, Mircea 1907-1986 (Επιμελητής έκδοσης), Adams, Charles J. (Επιμελητής έκδοσης)
Μορφή: Βιβλίο
Γλώσσα:English
Δημοσίευση: New York : Macmillan, c1987
Θέματα:
Ετικέτες: Προσθήκη ετικέτας
Δεν υπάρχουν, Καταχωρήστε ετικέτα πρώτοι!

MARC

LEADER 00000cam a2200000 i 4500
001 1/90337
008 971010s1987 eng d
020 |a 0-02-909480-1 
035 |l 10007483 
040 |a GR-MY-UA  |b gre  |e aacr 
041 0 |a eng 
082 0 |a 200.3 
245 1 4 |a The encyclopedia of religion /  |c editor in chief Mircea Eliade ; editors Charles J. Adams 
260 |a New York :   |b Macmillan,   |c c1987 
300 |a 16 v.;  |c 29 cm 
504 |a Includes bibliographical references and index 
650 0 0 |a Religion  |x Encyclopedias. 
700 1 |a Eliade, Mircea  |d 1907-1986.  |4 edt 
700 1 |a Adams, Charles J.  |4 edt 
852 |a INST  |b LESVOS  |e 19971010  |h 200.3 ENC  |p 005100019197  |q 005100019197  |t REF  |y 23  |z v.16 
852 |a INST  |b LESVOS  |e 19971010  |h 200.3 ENC  |p 005100019198  |q 005100019198  |t REF  |y 23  |z v.15 
852 |a INST  |b LESVOS  |e 19971010  |h 200.3 ENC  |p 005100019199  |q 005100019199  |t REF  |y 23  |z v.14 
852 |a INST  |b LESVOS  |e 19971010  |h 200.3 ENC  |p 005100019200  |q 005100019200  |t REF  |y 23  |z v.13 
852 |a INST  |b LESVOS  |e 19971010  |h 200.3 ENC  |p 005100019201  |q 005100019201  |t REF  |y 23  |z v.12 
852 |a INST  |b LESVOS  |e 19971010  |h 200.3 ENC  |p 005100019202  |q 005100019202  |t REF  |y 23  |z v.11 
852 |a INST  |b LESVOS  |e 19971010  |h 200.3 ENC  |p 005100019203  |q 005100019203  |t REF  |y 23  |z v.10 
852 |a INST  |b LESVOS  |e 19971010  |h 200.3 ENC  |p 005100019204  |q 005100019204  |t REF  |y 23  |z v.9 
852 |a INST  |b LESVOS  |e 19971010  |h 200.3 ENC  |p 005100019205  |q 005100019205  |t REF  |y 23  |z v.8 
852 |a INST  |b LESVOS  |e 19971010  |h 200.3 ENC  |p 005100019206  |q 005100019206  |t REF  |y 23  |z v.7 
852 |a INST  |b LESVOS  |e 19971010  |h 200.3 ENC  |p 005100019207  |q 005100019207  |t REF  |y 23  |z v.6 
852 |a INST  |b LESVOS  |e 19971010  |h 200.3 ENC  |p 005100019208  |q 005100019208  |t REF  |y 23  |z v.5 
852 |a INST  |b LESVOS  |e 19971010  |h 200.3 ENC  |p 005100019209  |q 005100019209  |t REF  |y 23  |z v.4 
852 |a INST  |b LESVOS  |e 19971010  |h 200.3 ENC  |p 005100019210  |q 005100019210  |t REF  |y 23  |z v.3 
852 |a INST  |b LESVOS  |e 19971010  |h 200.3 ENC  |p 005100019211  |q 005100019211  |t REF  |y 23  |z v.2 
852 |a INST  |b LESVOS  |e 19971010  |h 200.3 ENC  |p 005100019212  |q 005100019212  |t REF  |y 23  |z v.1 
852 |a INST  |b LESVOS  |e 19971010  |h 200.3 ENC  |p 005100019197  |q 005100019197  |t REF  |v v.16:  |y 23  |z v.16 
852 |a INST  |b LESVOS  |e 19971010  |h 200.3 ENC  |p 005100019198  |q 005100019198  |t REF  |v v.15:  |y 23  |z v.15 
852 |a INST  |b LESVOS  |e 19971010  |h 200.3 ENC  |p 005100019199  |q 005100019199  |t REF  |v v.14:  |y 23  |z v.14 
852 |a INST  |b LESVOS  |e 19971010  |h 200.3 ENC  |p 005100019200  |q 005100019200  |t REF  |v v.13:  |y 23  |z v.13 
852 |a INST  |b LESVOS  |e 19971010  |h 200.3 ENC  |p 005100019201  |q 005100019201  |t REF  |v v.12:  |y 23  |z v.12 
852 |a INST  |b LESVOS  |e 19971010  |h 200.3 ENC  |p 005100019202  |q 005100019202  |t REF  |v v.11:  |y 23  |z v.11 
852 |a INST  |b LESVOS  |e 19971010  |h 200.3 ENC  |p 005100019203  |q 005100019203  |t REF  |v v.10:  |y 23  |z v.10 
852 |a INST  |b LESVOS  |e 19971010  |h 200.3 ENC  |p 005100019204  |q 005100019204  |t REF  |v v.9:  |y 23  |z v.9 
852 |a INST  |b LESVOS  |e 19971010  |h 200.3 ENC  |p 005100019205  |q 005100019205  |t REF  |v v.8:  |y 23  |z v.8 
852 |a INST  |b LESVOS  |e 19971010  |h 200.3 ENC  |p 005100019206  |q 005100019206  |t REF  |v v.7:  |y 23  |z v.7 
852 |a INST  |b LESVOS  |e 19971010  |h 200.3 ENC  |p 005100019207  |q 005100019207  |t REF  |v v.6:  |y 23  |z v.6 
852 |a INST  |b LESVOS  |e 19971010  |h 200.3 ENC  |p 005100019208  |q 005100019208  |t REF  |v v.5:  |y 23  |z v.5 
852 |a INST  |b LESVOS  |e 19971010  |h 200.3 ENC  |p 005100019209  |q 005100019209  |t REF  |v v.4:  |y 23  |z v.4 
852 |a INST  |b LESVOS  |e 19971010  |h 200.3 ENC  |p 005100019210  |q 005100019210  |t REF  |v v.3:  |y 23  |z v.3 
852 |a INST  |b LESVOS  |e 19971010  |h 200.3 ENC  |p 005100019211  |q 005100019211  |t REF  |v v.2:  |y 23  |z v.2 
852 |a INST  |b LESVOS  |e 19971010  |h 200.3 ENC  |p 005100019212  |q 005100019212  |t REF  |v v.1:  |y 23  |z v.1 
853 |a INST  |b LESVOS  |h 200.3 ENC 
909 |a Λ  |b 012128 
909 |a Λ  |b 012129 
909 |a Λ  |b 012130 
909 |a Λ  |b 012131 
909 |a Λ  |b 012132 
909 |a Λ  |b 012133 
909 |a Λ  |b 012134 
909 |a Λ  |b 012135 
909 |a Λ  |b 012136 
909 |a Λ  |b 012137 
909 |a Λ  |b 012138 
909 |a Λ  |b 012139 
909 |a Λ  |b 012140 
909 |a Λ  |b 012141 
909 |a Λ  |b 012142 
909 |a Λ  |b 012143 
909 |a Λ  |b 012144 
909 |a Λ  |b 012145